LDR 00713naa#a2200169#i#450# 001 EN\\bibl\122187 005 20260430024331.4 011 ## _a2074-1626 100 ## _a20260416b2026####ek#y0engy0150####ca 102 ## _aRU 200 1# _aUSE OF PHYSICAL FORCE IN THE ACTIVITIES OF THE STATE INSPECTORATE FOR SMALL VESSELS OF EMERCOM OF RUSSIA _eJournal article 210 1# _aSaint-Petersburg _cSaint-Petersburg University of State Fire Service of Emercom of Russia _d2026 215 ## _a4 с. 608 ## _aJournal article _2local 675 ## _aГосударственное право. Конституционное право. Административное право. 342 _z 700 #1 _aShevchenko _gKirill V. 856 4# _ajournals.igps.ru _u